[Event "AUTO-OPEN-4538"]
[Site "http://www.queenalice.com/game.php?id=1850869"]
[Date "2025.1.24"]
[Round "2"]
[White "Jovanina1"]
[Black "Pipo712"]
[Result "1-0"]
[WhiteElo "2158"]
[BlackElo "1876"]

1. f3 d5 2. g3 e5 3. Nh3 Bd6 4. Nf2 h5 5. Bg2 h4 6. g4 h3 7. Bxh3 Rxh3 8. Nxh3
e4 9. d3 Qe7 10. dxe4 dxe4 11. O-O Qh4 12. Bf4 Qxh3 13. Bxd6 cxd6 14. Qxd6 Qh6
15. Qe5+ Be6 16. Qxe4 Nc6 17. Rd1 Nge7 18. Nc3 Qg6 19. Qa4 f5 20. h3 fxg4 21.
fxg4 Bd7 22. Qb3 O-O-O 23. Qc4 Be6 24. Rxd8+ Kxd8 25. Qd3+ Qxd3 26. cxd3 g5 27.
Ne4 Ng6 28. Nxg5 Bg8 29. a3 Nd4 30. e4 Nf4 31. Kf2 Nxd3+ 32. Kg3 Ne2+ 33. Kh2 a5
34. Rd1 1-0

[Event "AUTO-OPEN-4538"]
[Site "http://www.queenalice.com/game.php?id=1850870"]
[Date "2025.1.24"]
[Round "2"]
[White "Pipo712"]
[Black "Jovanina1"]
[Result "0-1"]
[WhiteElo "1930"]
[BlackElo "2153"]

1. e4 c5 2. Nf3 e6 3. d4 cxd4 4. Nxd4 Bc5 5. Nb3 Bb6 6. Nc3 Nc6 7. Be2 Qh4 8.
O-O Nh6 9. g3 Qf6 10. Kg2 Bc7 11. Nb5 Bb8 12. Nd6+ Bxd6 13. Qxd6 b6 14. Rd1 Qe7
15. f4 Qxd6 16. Rxd6 Ke7 17. Rd1 Bb7 18. Bf3 Na5 19. Nxa5 bxa5 20. a4 f5 21. e5
Bxf3+ 22. Kxf3 Rhc8 23. c3 Rc4 24. Rd4 Rxd4 25. cxd4 d5 26. Bd2 Rb8 27. Bc3 Rc8
28. h3 Rc4 29. Ke3 Nf7 30. Kd3 g5 31. Bxa5 Kd7 32. b3 Rc6 33. Bd2 g4 34. h4 h5
35. Rc1 Rb6 36. b4 Nd8 37. b5 Nb7 38. Bb4 Nd8 39. Ba5 Rb8 40. Rc7+ Ke8 0-1

[Event "AUTO-MASTER-3257"]
[Site "http://www.queenalice.com/game.php?id=1854025"]
[Date "2025.3.16"]
[Round "1"]
[White "alvm"]
[Black "Jovanina1"]
[Result "0-1"]
[WhiteElo "2115"]
[BlackElo "2196"]

1. d4 f5 2. c4 e6 3. Nc3 Bb4 4. Nf3 h6 5. g3 b6 6. Bg2 Bb7 7. O-O Bxc3 8. bxc3
d6 9. Qc2 Nf6 10. Rd1 Nbd7 11. Ba3 Bxf3 12. Bxf3 Rb8 13. d5 Qe7 14. e4 e5 15.
exf5 Kd8 16. Rab1 Qf7 17. Be2 Nh7 18. Qa4 a5 19. Bg4 Nhf6 20. Bh3 Ne4 21. Rd3
Ndc5 22. Bxc5 Nxc5 23. Qc2 Nxd3 24. Qxd3 Ke7 25. c5 bxc5 26. Re1 Kf6 27. f4 Rhe8
0-1

[Event "AUTO-MASTER-3257"]
[Site "http://www.queenalice.com/game.php?id=1854026"]
[Date "2025.3.16"]
[Round "1"]
[White "Jovanina1"]
[Black "alvm"]
[Result "0-1"]
[WhiteElo "2215"]
[BlackElo "2214"]

1. Nf3 d5 2. g3 c5 3. c4 d4 4. Bg2 Nc6 5. d3 e5 6. h3 Nf6 7. Bg5 Be7 8. O-O O-O
9. Na3 h6 10. Bd2 Be6 11. Qc1 Qd7 12. Kh2 e4 13. dxe4 Nxe4 14. Bxh6 gxh6 15.
Qxh6 Bf5 16. Rad1 Bg6 17. h4 Nf6 18. Qd2 Rad8 19. Nb5 a6 20. Na3 Kg7 21. Bh3
Ng4+ 22. Bxg4 Qxg4 23. Qf4 Qxf4 24. gxf4 Bd6 25. e3 Bh5 26. Rg1+ Kh6 27. Rg3
dxe3 28. fxe3 Rg8 29. Rdg1 Rxg3 30. Rxg3 Re8 31. Ng5 f6 32. Nh3 Ne7 33. Nc2 Nf5
34. Rg1 Nxe3 35. Nxe3 Rxe3 36. Rg2 Re2 37. Rxe2 Bxe2 38. b3 a5 39. Kg3 Bd3 40.
Nf2 Bb1 41. Nd1 Bxa2 42. Ne3 Kg6 43. Kg4 Bxb3 44. h5+ Kh7 45. Nd5 Bxc4 46. Nxf6+
Kh6 47. Ne4 Be7 48. Nc3 b5 49. f5 b4 0-1

[Event "AUTO-MASTER-3257"]
[Site "http://www.queenalice.com/game.php?id=1854043"]
[Date "2025.3.16"]
[Round "1"]
[White "Zeca1955"]
[Black "Jovanina1"]
[Result "0-1"]
[WhiteElo "1969"]
[BlackElo "2162"]

1. e4 d5 2. exd5 Nf6 3. c4 e6 4. dxe6 Bxe6 5. Nf3 Bg4 6. Be2 Bd6 7. d4 h6 8. c5
Be7 9. h3 Bh5 10. Nc3 c6 11. O-O Nbd7 12. Nh2 Bg6 13. Bd3 Bxd3 14. Qxd3 Nf8 15.
Bf4 Bxc5 16. Qe3+ Be7 17. Ne4 Nd5 18. Nd6+ Kd7 19. Qg3 Nxf4 20. Qxf4 Bxd6 21.
Qxf7+ Qe7 22. Qb3 Bxh2+ 23. Kxh2 Kc7 24. Rac1 Nd7 25. d5 Qd6+ 26. f4 c5 27. g3
Rhe8 28. Qd3 Nb6 29. Qd4 Nd7 30. Qxg7 Qxd5 31. Rf2 Rg8 32. Qxh6 Rh8 33. Qg7 Rag8
34. Qc3 b6 35. h4 Rh6 36. b4 Rc6 37. b5 Rcg6 38. Rg1 Nf6 39. f5 Ng4+ 40. Kh3
Nxf2+ 41. Kh2 Rxg3 0-1

[Event "AUTO-MASTER-3257"]
[Site "http://www.queenalice.com/game.php?id=1854044"]
[Date "2025.3.16"]
[Round "1"]
[White "Jovanina1"]
[Black "Zeca1955"]
[Result "1-0"]
[WhiteElo "2165"]
[BlackElo "1860"]

1. f3 e5 2. g3 Nf6 3. Nh3 d5 4. Nf2 Bc5 5. e3 O-O 6. Bg2 Re8 7. O-O d4 8. Qe2 a6
9. Nd3 Bb6 10. e4 c5 11. Nf2 Bd7 12. d3 h6 13. Nd2 Qc8 14. Nc4 Bc7 15. b3 b5 16.
Nb2 Nc6 17. Bd2 a5 18. a4 b4 19. Qd1 Be6 20. Qc1 Ne7 21. Bxh6 g6 22. f4 Qd8 23.
f5 Bd7 24. fxg6 Nxg6 25. Bg5 Bd6 26. Qd1 Be7 27. Bh6 Kh7 28. Qd2 Rh8 29. Bg5 Kg7
30. Bxf6+ Bxf6 31. Qe2 Be7 32. Ng4 Rh7 33. Nc4 Qc7 34. Rf2 Bd6 35. Nxd6 Qxd6 36.
Raf1 Rf8 37. Rf6 Qb8 38. Ra6 Qd8 39. Nf6 Rh6 40. Nxd7 Qxd7 41. Rff6 Rfh8 42.
Rad6 Qe7 43. Qg4 Rf8 44. h4 Kh7 45. h5 Rg8 46. hxg6+ Rgxg6 47. Rxg6 Rxg6 48.
Rxg6 fxg6 49. Qh4+ Qxh4 50. gxh4 g5 51. hxg5 Kg6 52. Bh3 Kxg5 53. Bd7 Kf4 54.
Kf2 Kg5 55. Kg3 Kh5 56. Be8+ Kg5 57. Bf7 Kf6 58. Kg4 Ke7 59. Kf5 Kd6 60. Bd5 Ke7
61. Kxe5 Kd7 62. Ba8 Kc7 63. Kd5 Kb6 64. Kd6 1-0

[Event "AUTO-MASTER-3260"]
[Site "http://www.queenalice.com/game.php?id=1855453"]
[Date "2025.4.12"]
[Round "1"]
[White "Jovanina1"]
[Black "attachui"]
[Result "1-0"]
[WhiteElo "2168"]
[BlackElo "2059"]

1. f3 Nc6 2. g3 Nf6 3. Nh3 d5 4. Nf2 e5 5. Bg2 Bc5 6. e3 Bf5 7. a3 e4 8. g4 exf3
9. Bxf3 Bg6 10. d4 Bb6 11. Nc3 Qe7 12. h4 Nxd4 13. Nd3 1-0

[Event "AUTO-MASTER-3260"]
[Site "http://www.queenalice.com/game.php?id=1855454"]
[Date "2025.4.12"]
[Round "1"]
[White "attachui"]
[Black "Jovanina1"]
[Result "0-1"]
[WhiteElo "2171"]
[BlackElo "2227"]

1. d4 c5 2. d5 d6 3. c4 e6 4. e4 e5 5. f4 Qh4+ 6. g3 Qd8 7. fxe5 dxe5 8. Nf3 Bg4
9. Be2 Bxf3 10. Bxf3 Bd6 11. Qb3 b6 12. Nc3 a6 13. Na4 Nd7 14. O-O h6 15. Bg4
Ngf6 16. Qf3 Rb8 17. b3 Qe7 18. Nc3 Nxg4 19. Qxg4 g5 20. Nd1 Nf6 21. Qf3 Ng8 22.
Ne3 f6 23. Nf5 Qd7 24. a4 Bf8 25. Be3 a5 26. Rad1 Rd8 27. g4 Qf7 28. d6 Rd7 29.
h4 h5 30. hxg5 hxg4 31. Qxg4 Qg6 32. Qg2 Rdh7 33. Nh6 Bxh6 0-1

[Event "AUTO-MASTER-3260"]
[Site "http://www.queenalice.com/game.php?id=1855455"]
[Date "2025.4.12"]
[Round "1"]
[White "Jovanina1"]
[Black "wdcarver"]
[Result "1-0"]
[WhiteElo "2189"]
[BlackElo "2025"]

1. e4 e5 2. Ne2 Nf6 3. f4 Nxe4 4. d3 Qh4+ 5. g3 Nxg3 6. Nxg3 exf4 7. Bxf4 Qxf4
8. Qe2+ Be7 9. Nd2 d5 10. Bg2 Be6 11. Rf1 Qg4 12. Bf3 Qh4 13. O-O-O Nc6 14. c3
Qa4 15. Kb1 d4 16. Bxc6+ bxc6 17. c4 Rb8 18. Nb3 Rb6 19. Nxd4 O-O 20. Nxe6 Ba3
21. b3 Rxb3+ 22. axb3 Qxb3+ 23. Ka1 1-0

[Event "AUTO-MASTER-3260"]
[Site "http://www.queenalice.com/game.php?id=1855456"]
[Date "2025.4.12"]
[Round "1"]
[White "wdcarver"]
[Black "Jovanina1"]
[Result "0-1"]
[WhiteElo "2016"]
[BlackElo "2206"]

1. d4 c5 2. d5 d6 3. c4 e6 4. Nc3 e5 5. e4 h6 6. h3 Nf6 7. Bd3 Bd7 8. Nf3 Na6 9.
a3 Be7 10. O-O Qc8 11. Ne2 Bxh3 12. gxh3 Qxh3 13. Ng3 Ng4 14. Re1 Nf6 15. Bf1
Qd7 16. Nh4 g5 17. Nhf5 Bf8 18. Bh3 Qd8 0-1

[Event "AUTO-MASTER-3260"]
[Site "http://www.queenalice.com/game.php?id=1855457"]
[Date "2025.4.12"]
[Round "1"]
[White "Jovanina1"]
[Black "chessman"]
[Result "1-0"]
[WhiteElo "2155"]
[BlackElo "1950"]

1. e4 e6 2. d4 d5 3. Nd2 dxe4 4. Nxe4 Nd7 5. Bg5 Ngf6 6. c3 Be7 7. Nxf6+ Nxf6 8.
Bd3 O-O 9. Ne2 b6 10. Bxf6 Bxf6 11. Be4 Rb8 12. Qc2 Bb7 13. Bxh7+ Kh8 14. Be4
Bxe4 15. Qxe4 Be7 16. O-O-O Bd6 17. Rd3 Qg5+ 18. Kc2 Qg6 19. Qxg6 fxg6 20. f3 c5
21. dxc5 Bxc5 22. b4 Be7 23. Rd7 Bf6 24. Rxa7 b5 25. a4 bxa4 26. Rxa4 Rfc8 27.
Kb3 g5 28. Rd1 Kh7 29. g4 Rd8 30. Rxd8 Rxd8 31. Kc2 Kg8 32. b5 Rb8 33. c4 Be7
34. Ra6 Kf7 35. Nd4 1-0

[Event "AUTO-MASTER-3260"]
[Site "http://www.queenalice.com/game.php?id=1855458"]
[Date "2025.4.12"]
[Round "1"]
[White "chessman"]
[Black "Jovanina1"]
[Result "0-1"]
[WhiteElo "1872"]
[BlackElo "2162"]

1. e4 e6 2. d4 d5 3. e5 c5 4. c3 Bd7 5. f4 Qh4+ 6. g3 Qd8 7. Nf3 b5 8. Be2 Be7
9. Nbd2 Nh6 10. O-O Nf5 11. g4 Ne3 12. Qe1 Nc2 0-1

[Event "AUTO-OPEN-4595"]
[Site "http://www.queenalice.com/game.php?id=1857540"]
[Date "2025.5.19"]
[Round "1"]
[White "Fauquinelle"]
[Black "Jovanina1"]
[Result "0-1"]
[WhiteElo "1984"]
[BlackElo "2222"]

1. d4 Nf6 2. Nf3 d5 3. e3 Bg4 4. Nbd2 Ne4 5. Be2 Nxd2 6. Bxd2 Nc6 7. O-O a6 8.
a3 e6 9. b4 Bxf3 10. Bxf3 Bd6 11. Be2 Ne7 12. c4 c6 13. Qc2 g6 14. Qb3 b5 15.
cxd5 cxd5 16. Bf3 Nc8 17. e4 Nb6 18. g3 Nc4 19. Bh6 g5 20. Bg2 Nd2 21. Qe3 Nxf1
22. Kxf1 f6 23. exd5 Qe7 24. dxe6 Rc8 25. d5 Rg8 26. Be4 Qb7 27. Qd3 Rc7 28. Qd2
Rc4 29. Bf5 Kd8 30. Re1 Qe7 31. Re4 Qc7 32. Rxc4 Qxc4+ 33. Qd3 Qxd3+ 34. Bxd3
Ke7 35. f4 gxf4 36. Bxf4 Bxf4 37. gxf4 h6 38. Kf2 Rc8 39. Ke3 Rc3 40. Kd4 Rxa3
41. Bg6 Rh3 42. Bf5 Rxh2 43. Kc5 Rd2 44. Be4 Rd1 45. f5 Rc1+ 0-1

[Event "AUTO-OPEN-4595"]
[Site "http://www.queenalice.com/game.php?id=1857567"]
[Date "2025.5.19"]
[Round "1"]
[White "Jovanina1"]
[Black "rockaudrey"]
[Result "0-1"]
[WhiteElo "2227"]
[BlackElo "2221"]

1. g4 d5 2. Bg2 e6 3. b3 Be7 4. Bb2 Bf6 5. d4 c5 6. e3 Nc6 7. Ne2 Nge7 8. h3 O-O
9. c3 cxd4 10. cxd4 Ng6 11. Ng3 e5 12. O-O e4 13. Na3 Nb4 14. Nxe4 dxe4 15. Bxe4
Qe7 16. Bg2 Nh4 17. Bh1 Be6 18. f3 Rac8 19. Qd2 a5 20. Rfc1 Qd6 21. f4 Bd5 22.
e4 Rxc1+ 23. Bxc1 Bxe4 24. Bb2 Bxh1 25. Qf2 Nd3 26. Qg3 Bxd4+ 27. Kxh1 Qd5+ 28.
Kh2 Bf2 0-1

[Event "AUTO-OPEN-4595"]
[Site "http://www.queenalice.com/game.php?id=1857585"]
[Date "2025.5.19"]
[Round "1"]
[White "cerenzo72"]
[Black "Jovanina1"]
[Result "0-1"]
[WhiteElo "1989"]
[BlackElo "2212"]

1. b3 c5 2. e4 Nc6 3. Bb2 a6 4. Nf3 d6 5. c4 e5 6. Nc3 Nf6 7. Nd5 Nxd5 8. cxd5
Ne7 9. Be2 Ng6 10. d3 Nf4 11. O-O Nxe2+ 12. Qxe2 Bg4 13. Qe3 Be7 14. Nd2 Bg5 15.
Qg3 h5 16. Nf3 Bf4 17. Qh4 g5 18. Nxg5 Bxg5 0-1

[Event "AUTO-MASTER-3270"]
[Site "http://www.queenalice.com/game.php?id=1859434"]
[Date "2025.7.5"]
[Round "1"]
[White "Jovanina1"]
[Black "somchess"]
[Result "1-0"]
[WhiteElo "2227"]
[BlackElo "2147"]

1. f3 e5 2. g3 Bc5 3. e3 Nc6 4. Nh3 d6 5. Nf2 Nf6 6. Bg2 d5 7. a3 a5 8. O-O O-O
9. b3 d4 10. e4 h6 11. d3 b5 12. Bd2 a4 13. b4 Bb6 14. f4 1-0

[Event "AUTO-MASTER-3270"]
[Site "http://www.queenalice.com/game.php?id=1859435"]
[Date "2025.7.5"]
[Round "1"]
[White "somchess"]
[Black "Jovanina1"]
[Result "0-1"]
[WhiteElo "2032"]
[BlackElo "2221"]

1. d4 g6 2. e4 Bg7 3. Nf3 h6 4. Bc4 d6 5. Nc3 Bg4 6. h3 Bd7 7. Be3 a6 8. a4 Nf6
9. O-O Qc8 10. e5 Nh7 11. Nd5 e6 12. Nf4 d5 13. Bd3 Nf8 14. c4 Bc6 15. b4 b6 16.
cxd5 exd5 17. Qc2 Bd7 18. Rac1 c6 19. Nxd5 Qb7 20. Nf4 b5 21. Nd2 Ne6 0-1

[Event "AUTO-MASTER-3270"]
[Site "http://www.queenalice.com/game.php?id=1859437"]
[Date "2025.7.5"]
[Round "1"]
[White "raulzampronha"]
[Black "Jovanina1"]
[Result "0-1"]
[WhiteElo "2070"]
[BlackElo "2219"]

1. e4 e6 2. d3 Nc6 3. Nf3 h6 4. Nbd2 Bb4 5. c3 Bc5 6. d4 Be7 7. Bd3 Nf6 8. O-O
d6 9. Qe2 a6 10. Re1 e5 11. Nf1 Bg4 12. Be3 Nh7 13. h3 Bh5 14. Ng3 Bg6 15. Nf5
Bf6 16. Rad1 Qc8 17. N3h4 Bxf5 18. Nxf5 Ne7 0-1

[Event "AUTO-MASTER-3270"]
[Site "http://www.queenalice.com/game.php?id=1859438"]
[Date "2025.7.5"]
[Round "1"]
[White "Jovanina1"]
[Black "JailtonMaster"]
[Result "0-1"]
[WhiteElo "2237"]
[BlackElo "2121"]

1. e4 c5 2. Nc3 Nc6 3. Nf3 e6 4. Bb5 Qc7 5. d3 a6 6. Bxc6 Qxc6 7. Ne5 Qc7 8. f4
d6 9. Nc4 b5 10. Ne3 Nf6 11. Ne2 Be7 12. b3 Bb7 13. Ng3 O-O 14. Bb2 d5 15. e5
Nd7 16. d4 c4 17. c3 f6 18. Qg4 fxe5 19. fxe5 Qb6 20. b4 Nxe5 21. Qe2 Nd3+ 22.
Kd1 Rf2 23. Qh5 Nxb2+ 24. Kc1 Bxb4 25. cxb4 Nd3+ 26. Kd1 Qxd4 0-1